000 00338 a2200157 4500
001 167725
020 _a
040 _cMagnum
100 _aQueiroz, Luiz Roberto de Souza
240 1 0 _a100 Animais brasileiros
_lpor
245 1 0 _a100 Animais brasileiros
362 0 _a1899
440 1 _aModerna
697 _aZOOLOGIA
942 _cBK
999 _c167725
_d167725